000 03442nab a2200313 i 4500
003 BR-BrBNA
005 20250909103943.0
008 250909b2021 bl.qr|pooa||| 00| 0 eng |
040 _aBR-BrBNA
_beng
072 _aH60
_b1690
100 _aTeixeira, Ariany G
100 _aCabral, Mateus O
100 _aOliveira, Fábio Luiz de
100 _aDalvi, Leandro P
100 _aMenini, Luciano
100 _aRocha, Leonardo F
245 _aInterference of weeds on Barbados gooseberry initial development
500 _a Publicação online; 30 ref.; 4 tables; Summaries (En, Pt)
520 _a ABSTRACT: The Barbados gooseberry crop has agricultural potential, but little information is available regarding cropping practices. More information on weed interference in Barbados gooseberry will support growers to take weed management decisions. The objective of this work was to study initial growth and development of Barbados gooseberry under the interference of weeds. The experiment was conducted in a completely randomized design, with five treatments, composed of Barbados gooseberry in competition with four weed species: slender amaranth (Amaranthus viridis), hairy beggarticks (Bidens pilosa), Benghal dayflower (Commelina benghalensis), purple nutsedge (Cyperus rotundus), and a weed-free control, with six replicates. Weed competition led to a decrease in growth and development of Barbados gooseberry reflected in a reduction of up to 40% in yield and 23% in protein content. Additional work must be conducted evaluating these findings under field conditions, using different seedling production and planting techniques potentially affecting these results. Keywords: Pereskia aculeata, non-conventional vegetable, competition, proteins
520 _a RESUMO: Atualmente o ora-pro-nobis é apontando como cultura de potencial agrícola, porém com poucas informações sobre seu manejo agronômico. Uma das informações a ser buscada é quanto aos prejuízos que o convívio com plantas daninhas causa. Objetivou-se com este trabalho estudar o crescimento e desenvolvimento inicial do ora-pro-nobis em convivência com plantas daninhas. O delineamento experimental utilizado foi inteiramente casualizado, com cinco tratamento, ora-pro-nobis em convivência com caruru (Amaranthus viridis), picão preto (Bidens pilosa), trapoeraba (Commelina benghalensis) e tiririca (Cyperus rotundus) e a testemunha ausente de plantas daninhas, com seis repetições. A convivência com as plantas daninhas diminuiu o crescimento e desenvolvimento do orapro-nobis assim como a produção de folhas em até 40% e 23% do teor de proteínas, respectivamente. Porém, novos trabalhos devem ser realizados em ambientes de plantio a céu aberto, bem como a utilização de técnicas diferenciadas para a produção de mudas e seu transplante para as condições reais de campo. Palavras-chave: Pereskia aculeata, hortaliça não convencional, competição, proteínas.
650 _aORA-PRO-NOBIS
650 _aCRESCIMENTO
650 _aERVA DANINHA
650 _aDANO
773 0 _01047
_9357746
_dBrasília-DF Sociedade de Olericultura do Brasil 1983
_o2025-5711
_tHorticultura Brasileira (Brazil)
_x0102-0536
_gv. 39(2) p. 155-160; (2021)
_wBR2025001899
856 _uhttps://www.scielo.br/j/hb/a/pCS9RJS9gPzdCTBjkVVDH8K/?format=pdf&lang=en
942 _cANA
999 _c338074
_d338074